Case law: Wessex Reserve Forces and Cadets v White and another (Record no. 75434)
[ view plain ]
| 000 -LEADER | |
|---|---|
| fixed length control field | 01200cab a2200205 4500 |
| 001 - CONTROL NUMBER | |
| control field | L130068 |
| 008 - FIXED-LENGTH DATA ELEMENTS--GENERAL INFORMATION | |
| fixed length control field | 050620n2005 000 0 eng u |
| 035 ## - SYSTEM CONTROL NUMBER | |
| System control number | (Sirsi) u130068 |
| 041 ## - LANGUAGE CODE | |
| Language code of text/sound track or separate title | eng |
| 100 ## - MAIN ENTRY--PERSONAL NAME | |
| Personal name | Gordon, Warren |
| 245 ## - TITLE STATEMENT | |
| Title | Case law: Wessex Reserve Forces and Cadets v White and another |
| 260 ## - PUBLICATION, DISTRIBUTION, ETC. | |
| Date of publication, distribution, etc. | 2005 |
| 490 ## - SERIES STATEMENT | |
| Series statement | Property Week |
| Volume/sequential designation | 70(23) 10 June 2005, 77(1) |
| 520 ## - SUMMARY, ETC. | |
| Summary, etc. | Discusses the case "Wessex Reserve Forces and Cadets Association v White and another" ([2005] 22 EG 132, L130038) where the landlords failed to oppose the renewal of a business lease on the grounds that they intended to demolish the premises. The court found that certain buildings on the site were chattels of the tenant and that the landlords had failed to show a genuine intention to demolish the premises and a reasonable prospect of being able to bring about such a demolition by their own act or volition. |
| 590 ## - LOCAL NOTE (RLIN) | |
| Local note | IKA040705 |
| 650 ## - SUBJECT ADDED ENTRY--TOPICAL TERM | |
| Topical term or geographic name entry element | WESSEX RESERVE FORCES AND CADETS ASSOCIATION V WHITE AND ANOTHER |
| 650 ## - SUBJECT ADDED ENTRY--TOPICAL TERM | |
| Topical term or geographic name entry element | LANDLORD AND TENANT ACT 1954 PART II |
| 690 ## - LOCAL SUBJECT ADDED ENTRY--TOPICAL TERM (OCLC, RLIN) | |
| Topical term or geographic name as entry element | PROPERTY-COMMERCIAL PROPERTY-LEASEHOLD COMMERCIAL PROPERTY-COMMERCIAL LANDLORD AND TENANT-BUSINESS TENANCIES |
| 942 ## - ADDED ENTRY ELEMENTS (KOHA) | |
| Suppress in OPAC | 0 |
| Withdrawn status | Lost status | Source of classification or shelving scheme | Damaged status | Not for loan | Home library | Current library | Shelving location | Date acquired | Total Checkouts | Full call number | Barcode | Date last seen | Copy number | Price effective from | Koha item type |
|---|---|---|---|---|---|---|---|---|---|---|---|---|---|---|---|
| Dewey Decimal Classification | London | London | Journal article | 20/06/2005 | L130068 | 130068-1001 | 06/08/2019 | 1 | 06/08/2019 | Journal article |